000 00781cab a2200241 4500
001 WB3518-02
008 090401t1999 xxu||||| |||| 00| 0 eng d
035 _a(Sirsi) u93287
041 _aeng
245 _aNHS £2bn partner plan
260 _c1999
350 _a0
490 _aContract Journal
_v398(6224) 6 May 1999, 1(1)
520 _aNHS Estates is introducing a pilot procurement scheme, before setting up partnering later in the year. This is the latest move in the radical reshape in the ways Government departments procure construction projects.
650 _aGOVERNMENT DEPARTMENTS
650 _aNHS ESTATES
650 _aPARTNERING
650 _aProcurement-old
650 _aREFORMS
690 _aBUILT ENVIRONMENT
942 _n0
948 _c12/05/1999
999 _c59134
_d59134